L'osservatore Romano / (Record no. 75059)

MARC details
000 -LEADER
fixed length control field 00584nam a22001937a 4500
003 - CONTROL NUMBER IDENTIFIER
control field OSt
005 - DATE AND TIME OF LATEST TRANSACTION
control field 20250303150656.0
008 - FIXED-LENGTH DATA ELEMENTS--GENERAL INFORMATION
fixed length control field 210806b |||||||| |||| 00| 0 eng d
037 ## - SOURCE OF ACQUISITION
Form of issue Print
040 ## - CATALOGING SOURCE
Transcribing agency STCPL
082 ## - DEWEY DECIMAL CLASSIFICATION NUMBER
Classification number 05
Item number LOR
245 ## - TITLE STATEMENT
Title L'osservatore Romano /
Title in other language ലോഒസ്സെർവ്വത്തൂരെ റൊമാനൊ
260 ## - PUBLICATION, DISTRIBUTION, ETC.
Place of publication, distribution, etc. Trivandram, St. Joseph's Press, Carmel International Publishing House,
Date of publication, distribution, etc. St. Joseph's Press, Carmel International Publishing House,
310 ## - CURRENT PUBLICATION FREQUENCY
Current publication frequency Monthly
942 ## - ADDED ENTRY ELEMENTS (KOHA)
Koha item type Serials
041 ## - LANGUAGE CODE
Language code of original Malayalam
942 ## - ADDED ENTRY ELEMENTS (KOHA)
Serial record flag 1
Source of classification or shelving scheme Dewey Decimal Classification
Suppress in OPAC No
942 ## - ADDED ENTRY ELEMENTS (KOHA)
Source of classification or shelving scheme Dewey Decimal Classification
Suppress in OPAC No
Holdings
Withdrawn status Lost status Source of classification or shelving scheme Damaged status Not for loan Collection code Home library Current library Shelving location Date acquired Total Checkouts Date last seen Price effective from Koha item type
    Dewey Decimal Classification   Reference Book   ST. THOMAS COLLEGE LIBRARY, PALAI ST. THOMAS COLLEGE LIBRARY, PALAI Reading Room 2021-08-06   2021-08-06 2021-08-06 Serials
Rights reserved ©2021 ST. THOMAS COLLEGE LIBRARY
A joint venture of - St. Thomas College Library and
Department of Computer Science, St. Thomas Collge Palai